书目信息 |
| 题名: |
中国核与辐射安全法规标准体系顶层设计
|
|
| 作者: | ;国家核安全局 主编 | |
| 分册: | ||
| 出版信息: | 北京 中国原子能出版社 2020.12 |
|
| 页数: | 353页 | |
| 开本: | 26cm | |
| 丛书名: | ||
| 单 册: | ||
| 中图分类: | D922.54 | |
| 科图分类: | ||
| 主题词: | 核防护--he fang hu--安全法规--标准体系--中国 , 辐射防护--fu she fang hu--安全法规--标准体系--中国 | |
| 电子资源: | ||
| ISBN: | 978-7-5221-1158-2 | |
| 000 | 00930nam0 2200229 450 | |
| 001 | 2351421888 | |
| 005 | 20231123141713.39 | |
| 010 | @a978-7-5221-1158-2@dCNY98.00 | |
| 100 | @a20211020d2020 em y0chiy50 ea | |
| 101 | 0 | @achi |
| 102 | @aCN@b110000 | |
| 105 | @ay z 000yy | |
| 200 | 1 | @a中国核与辐射安全法规标准体系顶层设计@Azhong guo he yu fu she an quan fa gui biao zhun ti xi ding ceng she ji@f国家核安全局主编 |
| 210 | @a北京@c中国原子能出版社@d2020.12 | |
| 215 | @a353页@d26cm | |
| 330 | @a本书分为三部分。第一部分为核与辐射安全法规标准体系顶层设计方案, 第二部分为我国及国际原子能机构安全法规标准状态, 第三部分为与核与辐射安全相关的法律法规标准。 | |
| 606 | 0 | @a核防护@Ahe fang hu@x安全法规@x标准体系@y中国 |
| 606 | 0 | @a辐射防护@Afu she fang hu@x安全法规@x标准体系@y中国 |
| 690 | @aD922.54@v5 | |
| 711 | 02 | @a国家核安全局@Aguo jia he an quan ju@4主编 |
| 801 | @aCN@b山东中教@c20231121 | |
| 905 | @aBZT@dD922.54@e14 | |
| 中国核与辐射安全法规标准体系顶层设计/国家核安全局主编.-北京:中国原子能出版社,2020.12 |
| 353页;26cm |
| ISBN 978-7-5221-1158-2:CNY98.00 |
| 本书分为三部分。第一部分为核与辐射安全法规标准体系顶层设计方案, 第二部分为我国及国际原子能机构安全法规标准状态, 第三部分为与核与辐射安全相关的法律法规标准。 |
| ● |
| 相关链接 |
|
|
|
正题名:中国核与辐射安全法规标准体系顶层设计
索取号:D922.54/14
 
预约/预借
| 序号 | 登录号 | 条形码 | 馆藏地/架位号 | 状态 | 备注 |
| 1 | 2001045695 | 2001045695 | 中教第一批/山东中教(第一批)/501/ [索取号:D922.54/14] | 在馆 | |
| 2 | 2001045696 | 2001045696 | 中教第一批/山东中教(第一批)/501/ [索取号:D922.54/14] | 在馆 | |
| 3 | 2001045697 | 2001045697 | 中教第一批/山东中教(第一批)/501/ [索取号:D922.54/14] | 在馆 | |
| 4 | 2001045698 | 2001045698 | 中教第一批/山东中教(第一批)/501/ [索取号:D922.54/14] | 在馆 | |
| 5 | 2001045699 | 2001045699 | 中教第一批/山东中教(第一批)/501/ [索取号:D922.54/14] | 在馆 | |
| 6 | 2001045700 | 2001045700 | 中教第一批/山东中教(第一批)/501/ [索取号:D922.54/14] | 在馆 |